| 000 | 00585nam a2200193 a 4500 | ||
|---|---|---|---|
| 005 | 20230531063652.0 | ||
| 008 | 010827s1955 r 000 0 eng d | ||
| 035 | _aUPN01000110520 | ||
| 049 | _aCE | ||
| 050 | 4 |
_aF1230 _bP6.8 |
|
| 100 | 1 | _aPonce Ramos, Carlos | |
| 245 | 1 | 0 |
_aUna injusticia de la historia / _cCarlos Ponce Ramos. |
| 260 |
_aMéxico : _bSEP, _c1955. |
||
| 300 | _a158 p. | ||
| 651 | 4 |
_aMéxico _xHistoria _yDescubrimiento y conquista, 1517-1521 _911526 |
|
| 600 | 0 | 4 |
_aMOCTEZUMA _bII, _cEMPERADOR DE MEXICO, _d1466-1520 _912808 |
| 650 | 4 |
_aAZTECAS _92980 |
|
| 905 | _aLibro | ||
| 999 |
_c84429 _d84429 |
||